| 000 | 00810nam a22001935i 4500 | ||
|---|---|---|---|
| 001 | 163316 | ||
| 003 | ES-MaACL | ||
| 005 | 20251009144828.0 | ||
| 008 | 050718s1863 fr | |||||||| ||fre d | ||
| 040 |
_aCAM _bspa _cCAM |
||
| 100 | 1 |
_aRenouvier, Jules. _9131711 |
|
| 245 | 1 | 0 |
_aHistoire de l'art pendant la révolution _b: considéré principalement les estampes / _couvrage posthume de Jules Renouvier ; suivi d'une étude du méme sur J.-B. Greuze ; avec une notice biographique et une table par Anatole de Montaiglon. |
| 260 |
_aParis : _bVve. Jules Renouard, _c1863 ( _fImprimerie de J. Claye) |
||
| 300 |
_aXXXI, 590 p. ; _c23 cm. |
||
| 700 | 1 |
_aGreuze, J.-B. _9127559 |
|
| 700 | 1 |
_aMontaiglon, Anatole de, _d1824-1895 _9130075 |
|
| 852 |
_aES-MaACL _jG-9784 _z-- Enc. hol. |
||
| 999 |
_c163316 _d163316 |
||